000 00424 a2200145 4500
005 20250621114724.0
020 _a978-81-224-2461-4
082 _a332.1 SOM
100 _aSOMASHEKAR, N. T.
245 _aBanking.
260 _aNew Delhi,
_bNew age International (P) Limited,
_c2008.
300 _avii, 358p.: ill.; table
_bBibliography
_c25cm
856 _yAccess Online Book
_fBanking
_dwww.newagepublishers.com
942 _2ddc
_cBKS
999 _c512
_d512